| 000 | 00488nam a22001337a 4500 | ||
|---|---|---|---|
| 082 | _aMSIT-12 QAI | ||
| 100 |
_aSayed Qaiser Ali Shah _9100265 |
||
| 245 | _aQos for real-time applications using openflow in wireless network | ||
| 260 |
_aIslamabad _bNUST-SEECS _c2015 |
||
| 300 |
_a34p. _eCD Include |
||
| 500 | _aSupervisors: Dr. Adeel Baig, Dr. Adnan Khalid Kiani, Dr. Syed Ali Hassan, Dr. Nadeem Ahmed | ||
| 856 | _uhttp://10.250.8.41:8080/xmlui/handle/123456789/10117 | ||
| 942 |
_cPR _2ddc |
||
| 999 |
_c13315 _d13315 |
||